Pokémon - Les attaques de Funécire - Statistiques

Statistiques générales
  • Ce quiz a été pris 12 fois
  • Le résultat moyen est 12 sur 16
Statistiques - réponses
Niveaux Types Noms des attaques % Correct
Niveau 4 Feu Flammèche
100%
Niveau 36 Spectre Ball'Ombre
88%
Niveau 16 Spectre Châtiment
88%
Niveau 24 Feu Danse Flammes
88%
Départ Spectre Étonnement
88%
Niveau 40 Feu Feu d'Enfer
88%
Niveau 20 Feu Feu Follet
88%
Départ Poison Purédpois
88%
Niveau 32 Spectre Malédiction
75%
Niveau 28 Spectre Ombre Nocturne
75%
Niveau 52 Feu Surchauffe
75%
Niveau 12 Spectre Onde Folie
63%
Niveau 8 Normal Lilliput
50%
Niveau 56 Ténèbres Souvenir
50%
Niveau 48 Normal Balance
38%
Niveau 44 Psy Possessif
38%
Aucun quiz correspondant
Distribution des résultats
% des personnes avec chaque résultat
Percentile par nombre de réponses
Votre historique - résultats
Vous n’avez pas pris ce quiz